| 000 | 00494nam a2200157 a 4500 | ||
|---|---|---|---|
| 001 | 000024985 | ||
| 005 | 20200930023506.0 | ||
| 008 | 110201s1988 cu d r 000 0 spa d | ||
| 040 |
_aDO-SdBNP _bspa _cBNPHU |
||
| 082 |
_ann* _bnn* |
||
| 100 | 1 |
_aPérez González, Graciela. _951270 |
|
| 245 | 1 | 4 |
_aLos prefijos en el DRAE y en algunos diccionarios de voces cubanas / _cGraciela Pérez González. |
| 260 |
_aLa Habana : _bAcademia, _c1988. |
||
| 300 |
_a88 p. : _btablas ; _c23 cm. |
||
| 049 | _aBNGR | ||
| 999 |
_c24478 _d24478 |
||